000
00316nam a2200133Ia 4500
100
_a
Bruno/ E.J.
942
_c
RB
654
_a
Modern Marketing
245
_a
Adhesives in Modern Marketing
260
_b
Society of Manufacturing Engineers
_a
Michigan
_c
1970
082
_a
668.3
300
_a
183
546
_a
ENGLISH
999
_c
19599
_d
19599